000 00363nam a2200145Ia 4500
008 230917s9999||||xx |||||||||||||| ||und||
040 _e217679
_aMAIN
041 _aEnglish
082 _a327.116 J31R
100 _aJasjit Singh, ed.
245 0 _aReshaping asian security
260 _aNew Delhi
_bKnowledge World
_c2001
300 _axxv, 365 p.
942 _cBK
999 _c178409
_d178409